Saudi Arabia and the Sudan: integration or satellization-towards a case study of dependent development
Gardado en:
| Autor Principal: | |
|---|---|
| Formato: | Texto |
| Publicado: |
Cartagena:
A.I.S.
|
| Etiquetas: |
Engadir etiqueta
Sen Etiquetas, Sexa o primeiro en etiquetar este rexistro!
|
MARC
| LEADER | 00000 a a2200000 04500 | ||
|---|---|---|---|
| 001 | 16706 | ||
| 003 | |||
| 040 | |||
| 090 | |a 011300 | ||
| 100 | |a Ali, Taisier M. A. | ||
| 245 | |a Saudi Arabia and the Sudan: integration or satellization-towards a case study of dependent development | ||
| 260 | |a Cartagena: |b A.I.S. | ||
| 300 | |a 24 p. | ||
| 999 | |c 5320 |d 5320 | ||
